00481nam a2200205Ia 4500008004100000020001800041050001400059100002300073245002600096245002300122260001500145260001600160260000900176300001500185300002700200300001000227440002300237440000700260500000800267170918s9999 xx 000 0 und d a9780439540148 bO817 2003 aOsborne, Mary Pope aHigh tide in Hawaii / cMary Pope Osborne. aNew York : bScholastic, c2003 a73 pages : bcolored illustration ; c19cm. aMagic tree house ; v28 a370